Morphophysiological responses of Setaria viridis to cold stress (Registro n. 299561)
[ somente texto ]
| 000 -LÍDER | |
|---|---|
| fixed length control field | 04196nab a2200373 i 4500 |
| 003 - CÓDIGO MARC DA AGÊNCIA CATALOGADORA | |
| Campo de controle | BR-BrBNA |
| 005 - DATA E HORA DA ÚLTIMA ATUALIZAÇÃO | |
| Campo de controle | 20240513134459.0 |
| 008 - CAMPO DE TAMANHO FIXO | |
| fixed length control field | 240513b2022 bl.ar|pooa||| 00| 0 eng | |
| 040 ## - FONTE DA CATALOGAÇÃO | |
| Agência catalogadora | BR-BrBNA |
| Idioma da catalogação | eng |
| 072 ## - CATEGORIA AGRIS | |
| Código AGRIS | F60 |
| 072 ## - CATEGORIA AGRIS | |
| Código AGRIS | H50 |
| 100 ## - ENTRADA PRINCIPAL - NOME PESSOAL | |
| Nome pessoal | Carvalho, Calil Gibran Iraiore |
| 100 ## - ENTRADA PRINCIPAL - NOME PESSOAL | |
| Nome pessoal | Santos, Mariana de Lima |
| 100 ## - ENTRADA PRINCIPAL - NOME PESSOAL | |
| Nome pessoal | Vieira, Letícia Rios |
| 100 ## - ENTRADA PRINCIPAL - NOME PESSOAL | |
| Nome pessoal | Lopes, Amanda Moreira |
| 100 ## - ENTRADA PRINCIPAL - NOME PESSOAL | |
| Nome pessoal | Carmona, Paula Andrea Osorio |
| 100 ## - ENTRADA PRINCIPAL - NOME PESSOAL | |
| Nome pessoal | Sousa, Carlos Antonio Ferreira de |
| 100 ## - ENTRADA PRINCIPAL - NOME PESSOAL | |
| Nome pessoal | Souza Junior, Manoel Teixeira |
| 245 ## - TÍTULO PRINCIPAL | |
| Título principal | Morphophysiological responses of Setaria viridis to cold stress |
| 500 ## - NOTA GERAL | |
| Nota geral | <br/>Publicação on-line; 42 ref.; 5 illus; Summaries (En, Pt) |
| 942 ## - ADDED ENTRY ELEMENTS (KOHA) | |
| Koha item type | |
| 520 ## - NOTA DE RESUMO | |
| Nota de conteúdo | <br/><br/>Abstract – The objective of this work was to determine the suitability of<br/>Setaria viridis as a model plant in studies to validate candidate genes for<br/>cold tolerance by evaluating the response of two of its accessions to different<br/>durations of abrupt or gradual cold stress in the vegetative and reproductive<br/>stages. Plants of accessions A10.1 and Ast-1, cultivated at 25°C, were subjected<br/>to the following cold stress treatments: gradual reduction in temperature<br/>from 25 to 0°C, 5°C at a time, every 24 hours in a same chamber; or abrupt<br/>reduction in temperature, by transferring plants from a chamber at 25°C<br/>to another at 0°C. Plants were kept at 0°C for 3, 5, or 10 days, after which<br/>temperature was increased back again to 25°C; a control group remained at<br/>25ºC. Low temperatures – reduced abruptly or gradually – caused a decrease<br/>in the gas exchange rates and shoot and root biomass of the plants, besides<br/>damage to their photochemical apparatus; the longer the cold lasted, the more<br/>pronounced the effect was. Regardless of stress duration, plants recovered<br/>and completed their life cycle. The studied accessions are tolerant to cold and,<br/>therefore, are not suitable as a model plant in studies to validate candidate<br/>genes for cold tolerance.<br/><br/><br/>Index terms: abiotic stress, florescence, gas exchange, model plant,<br/>phenomics, recovery, tolerance. |
| 520 ## - NOTA DE RESUMO | |
| Nota de conteúdo | <br/><br/>Resumo ‒ O objetivo deste trabalho foi determinar a adequação de Setaria<br/>viridis como planta modelo em estudos de validação de genes candidatos à<br/>tolerância ao frio, ao avaliar a resposta de dois de seus acessos a diferentes<br/>durações de estresse por frio abrupto ou gradual, nas fases vegetativa e<br/>reprodutiva. Plantas dos acessos A10.1 e Ast-1, cultivadas a 25°C, foram<br/>submetidas aos seguintes tratamentos de estresse por frio: redução gradual da<br/>temperatura de 25 a 0°C, 5°C de cada vez, a cada 24 horas, em única câmera;<br/>ou redução abrupta da temperatura, pela transferência das plantas de uma<br/>câmera a 25°C para outra a 0°C. As plantas foram mantidas a 0°C por 3, 5,<br/>ou 10 dias, após os quais a temperatura foi aumentada novamente para 25°C;<br/>um grupo controle permaneceu a 25ºC. As baixas temperaturas – reduzidas<br/>gradual ou abruptamente – causaram redução nas taxas de troca gasosa e<br/>na biomassa da parte aérea e da raiz das plantas, além de prejuízos ao seu<br/>aparato fotoquímico; quanto mais o frio durou, mais pronunciado o efeito<br/>foi. Independentemente da duração do estresse, as plantas se recuperaram e<br/>completaram seu ciclo de vida. Os acessos estudados são tolerantes ao frio, e,<br/>portanto, não são adequados como planta modelo em estudos para validação<br/>de genes candidatos de tolerância ao frio.<br/><br/><br/>Termos para indexação: estresse abiótico, fluorescência, troca gasosa, planta<br/>modelo, fenômica, recuperação, tolerância. |
| 650 ## - ASSUNTO - THESAGRO | |
| Cabeçalho tópico ou nome geográfico | PLANTA MODELO |
| 650 ## - ASSUNTO - THESAGRO | |
| Cabeçalho tópico ou nome geográfico | STRESS |
| 650 ## - ASSUNTO - THESAGRO | |
| Cabeçalho tópico ou nome geográfico | TEMPERATURA |
| 650 ## - ASSUNTO - THESAGRO | |
| Cabeçalho tópico ou nome geográfico | FRIO |
| 650 ## - ASSUNTO - THESAGRO | |
| Cabeçalho tópico ou nome geográfico | TOLERÂNCIA |
| 650 ## - ASSUNTO - THESAGRO | |
| Cabeçalho tópico ou nome geográfico | TROCA GASOSA |
| 650 ## - ASSUNTO - THESAGRO | |
| Cabeçalho tópico ou nome geográfico | FISIOLOGIA VEGETAL |
| 773 0# - ENTRADA ANALÍTICA | |
| Host Biblionumber | 920 |
| Registro do item | 25802 |
| Imprenta | Brasília-DF Empresa Brasileira de Pesquisa Agropecuária - EMBRAPA 1966- |
| Outro identificador | 2023-436358 |
| Título | Pesquisa Agropecuária Brasileira (Brazil) |
| ISSN | 0100-204X |
| Colação | v. 57 p. 1-12; (2022) |
| Número de controle de registro | BR2024000663 |
| 856 ## - ACESSO E ENDEREÇO ELETRÔNICO | |
| Identificador uniforme de recurso - URI | https://www.scielo.br/j/pab/a/qdQLcxGYBpDx3g9TwQsrJrH/?format=pdf&lang=en |
Nenhum exemplar disponível.

BINAGRI